000 00300nam a2200109 4500
999 _c9559
_d9559
008 180707b ||||| |||| 00| 0 eng d
245 _aEx-guv, 5 others guilty of graft.
260 _aDavao City
_bSun Star Davao
_cc2016
300 _apage 4.
650 0 _928433
_aPolitical corruption.
942 _2ddc
_cPER